000 00782cam a2200265 a 4500
001 195379
003 OSt
005 20180921
008 0000001990 dr 0000000000spa00
245 _aLa jurisprudencia dominicana : años 1938 a 1960
_crecopilada Pablo Antonio Machado
250 _a2
260 _aSanto Domingo :
_b[s. n.
300 _av.
504 _aIncluye índice
650 _aJurisprudencia
700 _aMachado, Pablo Antonio, recop
040 _aDLC
_cDLC
942 _2ddc
_cBK
999 _c195379
_d19537920